<?xml version="1.0" encoding="UTF-8"?><?xml-stylesheet type="text/xsl" href="static/style.xsl"?><OAI-PMH xmlns="http://www.openarchives.org/OAI/2.0/" xmlns:xsi="http://www.w3.org/2001/XMLSchema-instance" xsi:schemaLocation="http://www.openarchives.org/OAI/2.0/ http://www.openarchives.org/OAI/2.0/OAI-PMH.xsd"><responseDate>2026-04-13T13:25:25Z</responseDate><request verb="GetRecord" identifier="oai:www.recercat.cat:2445/13693" metadataPrefix="marc">https://recercat.cat/oai/request</request><GetRecord><record><header><identifier>oai:recercat.cat:2445/13693</identifier><datestamp>2025-12-05T06:11:27Z</datestamp><setSpec>com_2072_1057</setSpec><setSpec>col_2072_478792</setSpec><setSpec>col_2072_478917</setSpec></header><metadata><record xmlns="http://www.loc.gov/MARC21/slim" xmlns:dcterms="http://purl.org/dc/terms/" xmlns:xsi="http://www.w3.org/2001/XMLSchema-instance" xmlns:doc="http://www.lyncode.com/xoai" xsi:schemaLocation="http://www.loc.gov/MARC21/slim http://www.loc.gov/standards/marcxml/schema/MARC21slim.xsd">
   <leader>00925njm 22002777a 4500</leader>
   <datafield ind2=" " ind1=" " tag="042">
      <subfield code="a">dc</subfield>
   </datafield>
   <datafield ind2=" " ind1=" " tag="720">
      <subfield code="a">Turiel, Josep, 1962-</subfield>
      <subfield code="e">author</subfield>
   </datafield>
   <datafield ind2=" " ind1=" " tag="260">
      <subfield code="c">2010-09-16T10:20:06Z</subfield>
   </datafield>
   <datafield ind2=" " ind1=" " tag="260">
      <subfield code="c">2010-09-16T10:20:06Z</subfield>
   </datafield>
   <datafield ind2=" " ind1=" " tag="260">
      <subfield code="c">2001</subfield>
   </datafield>
   <datafield ind2=" " ind1=" " tag="520">
      <subfield code="a">En el número (BiD, núm. 5, desembre 2000) vàrem començar un repàs acurat i per temes de les eines bàsiques de treball per al bibliotecari. Aquest segon recull pretén, selectivament, donar a conèixer alguns treballs (associacions, publicacions, guies, recursos temàtics) lligats amb la classificació i, per extensió, a la indexació. Parlem de classificacions numèriques i alfanumèriques, deixant de banda les llistes d'encapçalament i tesaurus que formaran part d'una nova selecció posterior. Insisteixo que es tracta d'un recull selectiu i no pas exhaustiu (al marge de la selecció de recursos per a les classificacions clàssiques, és a dir, CDU, LCC, Bliss o DDC, les classificacions&#xd;
generades per a especialitats concretes han trobat a Internet una magnífica via de distribució, molt especialment relacionades amb les disciplines cientificotècniques, les ciències de la salut, la literatura grisa i la informàtica i les noves tecnologies del coneixement). Es tracta, en la majoria dels casos, i pel que fa a les classificacions generalistes clàssiques, de guies elaborades per les mateixes biblioteques, de manera més o menys detallada, gairebé com a eines de formació d'usuaris. Un altre grup inclou les classificacions completes, pensades per al maneig del bibliotecari o l'usuari interessat en el món de la classificació i la indexació. Un capítol a part i que per raons òbvies s'ha desenvolupat notòriament aquests darrers anys, són les classificacions com a eina de disposició lògica (generalment jeràrquica)&#xd;
dels recursos localitzables a Internet (sovint adaptacions de la Dewey i molt especialment l'LLC), i, en alguns casos, classificacions pròpies i molt simplificades que parteixen dels principis bàsics de tota classificació: àmbits temàtics i de procedència, i, per als recursos electrònics, tipologia i accessibilitat. La selecció inclou, quan s'ha considerat oportú, uns petits comentaris de contingut i, entre cometes, la traducció d'algunes parts de la presentació del recurs o de comentaris realitzats sobre aquell pels mateixos autors. Per una qüestió simplement d'utilitat, no s'han inclòs referències d'algunes de les classificacions anomenades històriques, és a dir: Classification de Brunet (1810), Baconian Classification (1605), etc. (tot i que es troba informació disponible en xarxa). No s'ha inclòs un apartat exclusiu per a la classificació expansiva perquè es considera que el sistema inventat per Charles A. Cutter (1891) va ser la base i encara ho és de la Library of Congress Classification (especialment pel que fa als "Cutter Numbers").</subfield>
   </datafield>
   <datafield tag="653" ind2=" " ind1=" ">
      <subfield code="a">Indexació (Documentació)</subfield>
   </datafield>
   <datafield tag="653" ind2=" " ind1=" ">
      <subfield code="a">Recursos electrònics</subfield>
   </datafield>
   <datafield tag="653" ind2=" " ind1=" ">
      <subfield code="a">Indexing</subfield>
   </datafield>
   <datafield tag="653" ind2=" " ind1=" ">
      <subfield code="a">Electronic information resources</subfield>
   </datafield>
   <datafield ind2="0" ind1="0" tag="245">
      <subfield code="a">Recursos web per a la classificació</subfield>
   </datafield>
</record></metadata></record></GetRecord></OAI-PMH>